00630pam a2200205 a 450000100060000000300080000600500170001400800410003103500190007204000320009104100080012308200260013110000240015724501030018125000180028426000460030230000280034850000220037665000260039847959BD-RjUL20211209054429.0170117s1947 nyu 001 0 eng | a(BD-RjUL)48078 aDLCcDLCdDLCdBD-RjULbeng aeng00a808.882223bSTH 1947 aStevenson, Burton 14aThe Home book of quotations : bclassical and modern /cselected and arranged by Burton Stevenson. a5th ed., rev. aNew York :bDodd, Mead & company,cc1947. axlii, 2812 p. ;c24 cm. aIncludes indexes. aQuotations, English.